| 000 | 01317nam a2200349 c 4500 | ||
|---|---|---|---|
| 999 |
_c195216 _d195216 |
||
| 003 | BLK | ||
| 005 | 20231219091136.0 | ||
| 008 | 180411b bul|||||r ||||||| ||bul|| | ||
| 010 | _aKNG00204465000 | ||
| 020 | _a9789548692618 | ||
| 040 | _aBLK | ||
| 041 |
_aBUL _cBUL |
||
| 072 | 7 |
_2bullib _aН83 _xЧужда художествена литература Н |
|
| 080 |
_aБелгийска литература _b821.133.1(493) _x-31 _z821.133.1(493)-31 |
||
| 100 | 1 |
_aЖоб, Армел _eпърви автор _968578 |
|
| 139 |
_aЖоб, Армел _bЖ 69 |
||
| 245 | 1 | 0 |
_aПропуснатата жена _bРоман _cАрмел Жоб; прев. от фр. Светлана Панчева. |
| 257 | _aBEL | ||
| 260 |
_bАквариус _c2017 _fСофия : Дайрект сървисиз _aСофия |
||
| 300 |
_a220 с. _c19 см |
||
| 380 | _aX | ||
| 500 | _aОриг. загл.: La femme manquee / Armel Job. - Биогр. данни за авт. | ||
| 659 | _aН | ||
| 700 | 1 |
_aПанчева, Светлана Недялкова _9106486 |
|
| 852 | _aЦб 285005 | ||
| 856 | 4 | _qpdf | |
| 856 | 4 | _qpdf | |
| 942 |
_cKNG _n0 _s1 _03 |
||
| 944 |
_aCR _c04.04.2017 _k30560 _lГеновева Генчева |
||
| 944 |
_aED _c12.05.2017 _kГеновева_Генчева |
||
| 999 | _d195216 | ||